| 000 | 01153nam a22003497a 4500 | ||
|---|---|---|---|
| 001 | BR8204099 | ||
| 003 | BR-BrBNA | ||
| 005 | 20230928091407.0 | ||
| 007 | ta | ||
| 008 | 230509b bl.||||| |||| 00| 0 por d | ||
| 040 |
_aBR-BrBNA _bpor _cBiblioteca Nacional de Agricultura |
||
| 041 | _a(Por) | ||
| 072 |
_aH10 _b4020 _b0336 _b0150 _b0170 _b0120 _b1410 _b/G514 |
||
| 090 | _ 4020 BR8204099 | ||
| 100 | 1 | _aAlves, M.T. | |
| 110 | 1 |
_aUniversidade Federal do Ceara, Fortaleza (Brasil). Centro de Ciencias Agrarias _0Tese (Mestre em Agronomia) |
|
| 245 | 1 | _aVulnerabilidade de algumas culturas a sauva do Nordeste Atta opaciceps Borgmeier, 1939 (Hymenoptera: Formicidae)[brasil] | |
| 260 | 3 |
_aFortaleza, CE (Brasil): _c1982. |
|
| 300 | _a51 p. | ||
| 500 | _aSummaries (Fre, Por); 23 tables; 44 ref. (*) Documento disponível na(o) Universidade Federal do Ceara, Fortaleza (Brazil) | ||
| 650 | _aSOJA | ||
| 650 | _aARROZ | ||
| 650 | _aSORGO | ||
| 650 | _aMILHO | ||
| 650 | _aFEIJAO | ||
| 650 | _aMANDIOCA | ||
| 650 | _aALGODAO | ||
| 650 | _aSAUVA | ||
| 650 | _aVARIEDADE RESISTENTE | ||
| 909 |
_a202309 _bLucia _c55 _dLucia Elande |
||
| 942 | _cBK | ||
| 999 |
_c33677 _d33677 |
||